Colección cartográfica do Arquivo do Reino de Galicia
ISBN:
84-453-0534-4
Publicado:
[Santiago de Compostela] :
Xunta de Galicia. Consellería de Cultura. Dirección Xeral do Patrimonio Histórico e Documental, DL 1994
Descripción Física:
62 p. : amb map., col. ; 30 cm
MARC
| LEADER | 00000nam a2200000Ia 4500 | ||
|---|---|---|---|
| 001 | 10624 | ||
| 003 | BGR | ||
| 005 | 20260324175332.0 | ||
| 008 | 160829s9999 xx 000 0 cat d | ||
| 020 | |a 84-453-0534-4 | ||
| 080 | |a A-1-62 | ||
| 110 | 1 | |9 70405 |a Arquivo do Reino de Galicia | |
| 245 | |a Colección cartográfica do Arquivo do Reino de Galicia | ||
| 260 | |a [Santiago de Compostela] : |b Xunta de Galicia. Consellería de Cultura. Dirección Xeral do Patrimonio Histórico e Documental, DL 1994 | ||
| 300 | |a 62 p. : |b amb map., col. ; |c 30 cm | ||
| 650 | |a Arquivo do Reino de Galicia |x Mapes |x Exposicions |9 27676 | ||
| 710 | 1 | |a Galícia. |b Dirección Xeral do Patrimonio Histórico e Documental |9 55416 | |
| 901 | |a Arxiu | ||
| 942 | |n 1 |2 udc |c MON | ||
| 952 | |0 0 |1 0 |4 0 |6 A162 |7 1 |9 44506 |a Arxiu |b Arxiu |d 2016-12-01 |l 0 |o A-1-62 |p 10624 |r 2016-12-01 00:00:00 |w 2016-12-01 |y ARXIU | ||
| 999 | |c 47087 |d 47087 | ||